Céline et Julie vont en bateau (Record no. 47)
[ view plain ]
| 000 -LEADER | |
|---|---|
| fixed length control field | 01488mgm a2200421 a 4500 |
| 001 - CONTROL NUMBER | |
| control field | 2385842 |
| 005 - DATE AND TIME OF LATEST TRANSACTION | |
| control field | 20200421093817.0 |
| 007 - PHYSICAL DESCRIPTION FIXED FIELD--GENERAL INFORMATION | |
| fixed length control field | vf cbahou |
| 008 - FIXED-LENGTH DATA ELEMENTS--GENERAL INFORMATION | |
| fixed length control field | 970626p19971974nyu193 vlfre d |
| 020 ## - INTERNATIONAL STANDARD BOOK NUMBER | |
| International Standard Book Number | 1567301223 : |
| Terms of availability | $62.50 |
| 028 02 - PUBLISHER OR DISTRIBUTOR NUMBER | |
| Publisher or distributor number | NYV 23897 |
| Source | New Yorker Video |
| 035 ## - SYSTEM CONTROL NUMBER | |
| System control number | (OCoLC)ocm37203881 |
| 035 ## - SYSTEM CONTROL NUMBER | |
| System control number | (NNC)2385842 |
| 040 ## - CATALOGING SOURCE | |
| Original cataloging agency | CZP |
| Transcribing agency | CZP |
| Modifying agency | UIU |
| -- | NNC |
| 041 1# - LANGUAGE CODE | |
| Language code of text/sound track or separate title | fre |
| Language code of summary or abstract | eng |
| 092 0# - LOCALLY ASSIGNED DEWEY CALL NUMBER (OCLC) | |
| Classification number | 791.4372 |
| Item number | C33 |
| Edition number | 21 |
| 245 00 - TITLE STATEMENT | |
| Title | Céline et Julie vont en bateau |
| Medium | [videorecording] = |
| Remainder of title | Celine and Julie go boating / |
| Statement of responsibility, etc. | directed by Jacques Rivette ; executive producer, Barbet Schroeder ; screenplay by Jacques Rivette ... [et al.]. |
| 246 31 - VARYING FORM OF TITLE | |
| Title proper/short title | Celine and Julie go boating |
| 260 ## - PUBLICATION, DISTRIBUTION, ETC. | |
| Place of publication, distribution, etc. | New York : |
| Name of publisher, distributor, etc. | New Yorker Video, |
| Date of publication, distribution, etc. | 1997. |
| 300 ## - PHYSICAL DESCRIPTION | |
| Extent | 2 videocassettes (193 min.) : |
| Other physical details | sd., col. ; |
| Dimensions | 1/2 in. |
| 490 1# - SERIES STATEMENT | |
| Series statement | Great directors |
| 500 ## - GENERAL NOTE | |
| General note | Videocassette release of the 1974 motion picture. |
| 500 ## - GENERAL NOTE | |
| General note | Credits from container. |
| 511 0# - PARTICIPANT OR PERFORMER NOTE | |
| Participant or performer note | Cast: Juliet Berto, Dominique Labourier. |
| 538 ## - SYSTEM DETAILS NOTE | |
| System details note | VHS format. |
| 546 ## - LANGUAGE NOTE | |
| Language note | French dialogue with English subtitles. |
| 650 #0 - SUBJECT ADDED ENTRY--TOPICAL TERM | |
| Topical term or geographic name entry element | Feature films |
| Geographic subdivision | France. |
| 9 (RLIN) | 637 |
| 650 #0 - SUBJECT ADDED ENTRY--TOPICAL TERM | |
| Topical term or geographic name entry element | Motion pictures, French. |
| 9 (RLIN) | 638 |
| 650 #0 - SUBJECT ADDED ENTRY--TOPICAL TERM | |
| Topical term or geographic name entry element | Foreign films. |
| 9 (RLIN) | 639 |
| 700 1# - ADDED ENTRY--PERSONAL NAME | |
| Personal name | Rivette, Jacques, |
| Dates associated with a name | 1928- |
| 9 (RLIN) | 640 |
| 700 1# - ADDED ENTRY--PERSONAL NAME | |
| Personal name | Schroeder, Barbet. |
| 9 (RLIN) | 641 |
| 700 1# - ADDED ENTRY--PERSONAL NAME | |
| Personal name | Berto, Juliet. |
| 9 (RLIN) | 442 |
| 700 1# - ADDED ENTRY--PERSONAL NAME | |
| Personal name | Labourier, Dominique. |
| 9 (RLIN) | 642 |
| 710 2# - ADDED ENTRY--CORPORATE NAME | |
| Corporate name or jurisdiction name as entry element | New Yorker Video (Firm) |
| 9 (RLIN) | 643 |
| 830 #0 - SERIES ADDED ENTRY--UNIFORM TITLE | |
| Uniform title | Great directors. |
| 9 (RLIN) | 644 |
| 942 ## - ADDED ENTRY ELEMENTS (KOHA) | |
| Source of classification or shelving scheme | Dewey Decimal Classification |
| Koha item type | Books |
| Withdrawn status | Lost status | Damaged status | Not for loan | Collection | Home library | Current library | Shelving location | Date acquired | Barcode | Date last seen | Price effective from | Koha item type |
|---|---|---|---|---|---|---|---|---|---|---|---|---|
| Non-fiction | Centerville | Centerville | Audio visual | 09/04/2014 | 39999000001877 | 09/04/2014 | 09/04/2014 | Visual Materials | ||||
| Non-fiction | Fairview | Fairview | Audio visual | 09/04/2014 | 39999000001815 | 09/04/2014 | 09/04/2014 | Visual Materials | ||||
| Non-fiction | Midway | Midway | Audio visual | 09/04/2014 | 39999000001839 | 09/04/2014 | 09/04/2014 | Visual Materials | ||||
| Non-fiction | Midway | Midway | Audio visual | 09/04/2014 | 39999000001853 | 09/04/2014 | 09/04/2014 | Visual Materials |